Nemecko-slovenský slovensko-nemecký vreckový slovník

Saved in:
Bibliographic Details
Format: Book
Language:Slovak
German
Published: Bratislava : Lingea, 2006
Edition:1.vyd. - 1.dotlač
Tags: Add Tag
No Tags, Be the first to tag this record!

MARC

LEADER 00000nam a22000003a 4500
001 stu147594
005 20150408163314.1
008 071025s2006----xo------------------slo-d
020 |a 80-903381-3-5 
040 |a STU  |b slo 
041 0 |a slo  |a ger 
044 |a xo 
080 |a 801.323.2=30=854  |7 stu_us_auth*stu8224 
245 |a Nemecko-slovenský slovensko-nemecký vreckový slovník 
250 |a 1.vyd. - 1.dotlač 
260 |a Bratislava :  |b Lingea,  |c 2006 
300 |a 789 s 
996 |c V*49479/O-21863  |l VV16  |s P  |a 0  |w stu147594_0001